greek mythology rapid fire - Statistics

General Stats
  • This quiz has been taken 382 times
  • The average score is 5 of 10
Answer Stats
Hint Answer % Correct
Father of Artemis Zeus
88%
God of Music Apollo
87%
God of Sleep morpheus
87%
Goddess of Night Nyx
80%
Husband of Rhea Cronus
77%
Slayer of Geryon heracles
42%
Father of Chrysaor poseidon
33%
God of Air Aeolus
28%
Sister(s) of Medusa Stheno
23%
Wife of Poseidon Amphritrite
5%
No matching quizzes found
Score Distribution
Percent of People with Each Score
Percentile by Number Answered
Your Score History
You have not taken this quiz